[Event "26.Torneo Collado Villalba 2011"]
[Site "Collado Villalba ESP"]
[Date "2011.08.23"]
[Round "1.1"]
[White "Draghici Flutur, Gavril"]
[Black "Vazquez Igarza, Renier"]
[Result "0-1"]
[WhiteElo "2077"]
[BlackElo "2561"]
[PlyCount "66"]
[EventDate "2011.08.23"]
[EventType "swiss"]
[EventRounds "9"]
[EventCountry "ESP"]
[Source "lmi"]
[SourceDate "2011.08.23"]

1. e4 c6 2. d4 d5 3. e5 Bf5 4. h4 h5 5. Bg5 Qb6 6. Bd3 Bxd3 7. Qxd3 e6 8. Nd2
Qa6 9. c4 Bb4 10. b3 Nh6 11. Ne2 Nf5 12. O-O Nd7 13. Ng3 g6 14. Nxf5 gxf5 15.
Rfc1 Rc8 16. a3 Be7 17. Bxe7 Kxe7 18. Qe3 Rcg8 19. cxd5 exd5 20. Qf3 Rg4 21.
Qxf5 Rhg8 22. g3 Qe2 23. Nf1 Qe4 24. Qxe4 Rxe4 25. Ne3 Ke6 26. Rd1 Rxh4 27. Rd3
f6 28. Ng2 Rhg4 29. Re1 fxe5 30. dxe5 h4 31. Kh2 hxg3+ 32. fxg3 Nc5 33. Rf3 Ne4
0-1

[Event "26.Torneo Collado Villalba 2011"]
[Site "Collado Villalba ESP"]
[Date "2011.08.23"]
[Round "1.2"]
[White "Moreno Ruiz, Javier"]
[Black "Garcia Saez, Juan Carlos"]
[Result "1-0"]
[WhiteElo "2545"]
[BlackElo "2070"]
[PlyCount "81"]
[EventDate "2011.08.23"]
[EventType "swiss"]
[EventRounds "9"]
[EventCountry "ESP"]
[Source "lmi"]
[SourceDate "2011.08.23"]

1. d4 Nf6 2. c4 g6 3. Nc3 Bg7 4. e4 O-O 5. f3 d6 6. Bg5 Nbd7 7. Qd2 e5 8. d5 a6
9. Bd3 Qe8 10. Nge2 Nc5 11. Bc2 b6 12. b4 Nb7 13. O-O Nh5 14. g4 f6 15. Be3 Nf4
16. Nxf4 exf4 17. Bxf4 Qe7 18. Rae1 Bd7 19. a3 Nd8 20. c5 Bb5 21. Rf2 bxc5 22.
bxc5 Nf7 23. a4 Be8 24. c6 Ng5 25. Kg2 Nf7 26. Be3 Ne5 27. Bd4 Bf7 28. Qe2 g5
29. Bd3 Ng6 30. Kh1 Nf4 31. Qf1 Nxd3 32. Qxd3 h5 33. gxh5 Bxh5 34. f4 g4 35.
Rg2 f5 36. Bxg7 Kxg7 37. e5 Qh4 38. Rg3 Rab8 39. Nd1 Rb4 40. exd6 cxd6 41. Qc3+
1-0

[Event "26.Torneo Collado Villalba 2011"]
[Site "Collado Villalba ESP"]
[Date "2011.08.23"]
[Round "1.3"]
[White "Garcia Galeote, Lorenzo"]
[Black "Gomez Garrido, Camilo"]
[Result "0-1"]
[WhiteElo "2059"]
[BlackElo "2524"]
[PlyCount "92"]
[EventDate "2011.08.23"]
[EventType "swiss"]
[EventRounds "9"]
[EventCountry "ESP"]
[Source "lmi"]
[SourceDate "2011.08.23"]

1. d4 d5 2. c4 c6 3. cxd5 cxd5 4. Nf3 Nf6 5. Nc3 Nc6 6. Bf4 Ne4 7. Qb3 e6 8. e3
Nxc3 9. bxc3 Be7 10. Ne5 O-O 11. Bd3 Nxe5 12. Bxe5 b6 13. O-O Bb7 14. c4 dxc4
15. Bxc4 Bd6 16. Bxd6 Qxd6 17. Be2 Rfc8 18. Rfc1 h6 19. Qb2 Qd8 20. Rxc8 Rxc8
21. Rc1 Rc7 22. Qa3 Qd5 23. Bf1 Rxc1 24. Qxc1 Qxa2 25. Qc7 Be4 26. f3 Bg6 27.
Qd8+ Kh7 28. e4 Qd2 29. h3 Qe1 30. Qd6 b5 31. Qa3 a5 32. Qc5 b4 33. Qxa5 Qe3+
34. Kh2 Qxd4 35. Qb5 Qd6+ 36. Kg1 f5 37. exf5 exf5 38. Bd3 Qd4+ 39. Kf1 f4 40.
Bf5 Bxf5 41. Qxf5+ Kg8 42. Qe6+ Kf8 43. Ke2 Qc5 44. Kf1 Qc1+ 45. Kf2 Qc2+ 46.
Kf1 b3 0-1

[Event "26.Torneo Collado Villalba 2011"]
[Site "Collado Villalba ESP"]
[Date "2011.08.23"]
[Round "1.4"]
[White "Guerra Mendez, Jose Angel"]
[Black "Torres Grajales, Ramon"]
[Result "1-0"]
[WhiteElo "2450"]
[BlackElo "2056"]
[PlyCount "69"]
[EventDate "2011.08.23"]
[EventType "swiss"]
[EventRounds "9"]
[EventCountry "ESP"]
[Source "lmi"]
[SourceDate "2011.08.23"]

1. e4 e5 2. Nf3 Nc6 3. Bb5 a6 4. Ba4 Nf6 5. O-O b5 6. Bb3 Bb7 7. d3 Be7 8. Nbd2
O-O 9. Re1 d5 10. exd5 Nxd5 11. Nxe5 Nxe5 12. Rxe5 c6 13. Nf3 Bd6 14. Re1 Qf6
15. d4 h6 16. Ne5 Rad8 17. c3 c5 18. Qh5 Bxe5 19. Rxe5 Rfe8 20. Bd2 Rxe5 21.
Qxe5 Qxe5 22. dxe5 c4 23. Bd1 Re8 24. f4 f6 25. Bh5 Re7 26. Re1 g5 27. fxg5
hxg5 28. Bf3 Kf7 29. Kf2 Nf4 30. Bxf4 gxf4 31. e6+ Kf8 32. Bxb7 Rxb7 33. e7+
Ke8 34. Kf3 Rd7 35. Re2 1-0

[Event "26.Torneo Collado Villalba 2011"]
[Site "Collado Villalba ESP"]
[Date "2011.08.23"]
[Round "1.5"]
[White "Martin Martin, Luis Vicente"]
[Black "Fernandez Cardoso, Alexey"]
[Result "0-1"]
[WhiteElo "2048"]
[BlackElo "2450"]
[PlyCount "70"]
[EventDate "2011.08.23"]
[EventType "swiss"]
[EventRounds "9"]
[EventCountry "ESP"]
[Source "lmi"]
[SourceDate "2011.08.23"]

1. e4 c5 2. Nf3 e6 3. d4 cxd4 4. Nxd4 Nf6 5. Bd3 d6 6. c4 Be7 7. O-O a6 8. Nc3
Nbd7 9. Be3 Qc7 10. Qe2 b6 11. f3 Bb7 12. Qf2 Ne5 13. Rfd1 Nxd3 14. Rxd3 Qxc4
15. Rad1 Qc7 16. Nb3 Nd7 17. Na4 Nc5 18. Rc3 O-O 19. Nd2 Bc6 20. Nxc5 dxc5 21.
Rdc1 a5 22. a3 a4 23. f4 Rad8 24. e5 Bd5 25. Nf1 Rd7 26. Bd2 Rfd8 27. Rg3 Be4
28. Qe1 Bg6 29. Rgc3 Rd3 30. Rxd3 Rxd3 31. Qe2 Qd7 32. Be3 h6 33. Bf2 b5 34.
Ne3 c4 35. Rd1 c3 0-1

[Event "26.Torneo Collado Villalba 2011"]
[Site "Collado Villalba ESP"]
[Date "2011.08.23"]
[Round "1.6"]
[White "Barria Zuniga, Daniel"]
[Black "Erice Alonso, Santiago"]
[Result "1-0"]
[WhiteElo "2443"]
[BlackElo "2043"]
[PlyCount "42"]
[EventDate "2011.08.23"]
[EventType "swiss"]
[EventRounds "9"]
[EventCountry "ESP"]
[Source "lmi"]
[SourceDate "2011.08.23"]

1. d4 d5 2. c4 c6 3. Nf3 Nf6 4. Nc3 dxc4 5. e3 b5 6. a4 b4 7. Na2 e6 8. Bxc4 a5
9. O-O Be7 10. Qe2 O-O 11. e4 Qb6 12. Bg5 h6 13. Bh4 Ba6 14. Bxa6 Nxa6 15. Nc1
Rfe8 16. Nb3 c5 17. Rfc1 cxd4 18. Qb5 Qa7 19. Nfxd4 Nc7 20. Qc4 Rac8 21. Nc6
Qa6 1-0

[Event "26.Torneo Collado Villalba 2011"]
[Site "Collado Villalba ESP"]
[Date "2011.08.23"]
[Round "1.7"]
[White "Esquivias Gomez, Francisco J"]
[Black "Roa Alonso, Santiago"]
[Result "0-1"]
[WhiteElo "2036"]
[BlackElo "2428"]
[PlyCount "136"]
[EventDate "2011.08.23"]
[EventType "swiss"]
[EventRounds "9"]
[EventCountry "ESP"]
[Source "lmi"]
[SourceDate "2011.08.23"]

1. e4 c6 2. d4 d5 3. exd5 cxd5 4. Bd3 Nc6 5. c3 g6 6. Bf4 Bg7 7. Nf3 Nh6 8. O-O
O-O 9. h3 Nf5 10. Nbd2 e6 11. Re1 Bd7 12. Nb3 b6 13. a4 Re8 14. Qd2 Bf8 15.
Bxf5 exf5 16. Rxe8 Bxe8 17. Ne5 f6 18. Nxc6 Bxc6 19. h4 a5 20. Nc1 Qd7 21. b3
Bb7 22. Ne2 Ba6 23. Ng3 Rc8 24. Rc1 b5 25. axb5 Qxb5 26. c4 dxc4 27. bxc4 Rxc4
28. Rxc4 Qxc4 29. Qxa5 Bb7 30. Qd8 Qc6 31. f3 Kf7 32. Qc7+ Qxc7 33. Bxc7 Ke6
34. Kf2 g5 35. Nh5 Kd7 36. Bb6 Be7 37. Ng7 f4 38. Nf5 Bb4 39. hxg5 fxg5 40. g4
fxg3+ 41. Nxg3 Ke6 42. Ne4 Kf5 43. Bc5 Bxc5 44. Nxc5 Bc6 45. Ke3 h5 46. Nd3 Bb5
47. Nf2 h4 48. Ng4 Bc4 49. Nh6+ Kg6 50. Ng4 Be6 51. Nh2 Bh3 52. Ke4 Kf6 53. d5
Bf5+ 54. Kd4 h3 55. d6 Bc8 56. Kd5 Kf5 57. Kc6 Kf4 58. Kc7 Bf5 59. Ng4 Kxf3 60.
Nh6 Be6 61. Nf7 Kf4 62. Nd8 Bf5 63. Nc6 h2 64. Nd4 h1=Q 65. Nxf5 Kxf5 66. d7
Qc1+ 67. Kb8 Qd2 68. Kc8 Qc3+ 0-1

[Event "26.Torneo Collado Villalba 2011"]
[Site "Collado Villalba ESP"]
[Date "2011.08.23"]
[Round "1.10"]
[White "Bolea Jover, Jose"]
[Black "Aranda Marin, Cristian"]
[Result "0-1"]
[WhiteElo "2021"]
[BlackElo "2310"]
[PlyCount "118"]
[EventDate "2011.08.23"]
[EventType "swiss"]
[EventRounds "9"]
[EventCountry "ESP"]
[Source "lmi"]
[SourceDate "2011.08.23"]

1. e4 e6 2. d4 d5 3. exd5 exd5 4. c4 Nf6 5. Nc3 Be7 6. cxd5 O-O 7. Bc4 Nbd7 8.
Nf3 Nb6 9. Qb3 a5 10. a4 Bb4 11. O-O Nxc4 12. Qxc4 b6 13. Bg5 Ba6 14. Nb5 Qxd5
15. Qxc7 Ne4 16. Qe5 Qc6 17. d5 Qg6 18. Be3 Nc5 19. Bxc5 Bxc5 20. Rfe1 Rad8 21.
Nfd4 Bb7 22. Nc3 Rd7 23. Nf5 h6 24. Rad1 Rfd8 25. h3 f6 26. Qe6+ Qf7 27. Qxf7+
Kxf7 28. Ne3 Rc8 29. Nc2 Ba6 30. Rd2 Bc4 31. Re4 Bd6 32. Rdd4 Rdc7 33. Ne3 Bb3
34. Rd3 Be5 35. d6 Rd7 36. f4 Rxd6 37. Ncd5 Bxd5 38. fxe5 Bxe4 39. Rxd6 f5 40.
g3 Rc1+ 41. Kf2 Rh1 42. Nc4 Rh2+ 43. Ke3 Rxh3 44. Rxb6 Rxg3+ 45. Kd4 Rd3+ 46.
Kc5 Rd5+ 47. Kc6 Rxe5+ 48. Kd7 Rd5+ 49. Nd6+ Kf6 50. Kc7 Rc5+ 51. Kd7 Ke5 52.
b4 axb4 53. Rxb4 Bd3 54. Nb7 Rd5+ 55. Kc7 f4 56. a5 f3 57. Rb2 g5 58. Nd8 Rxd8
59. Kxd8 g4 0-1

[Event "26.Torneo Collado Villalba 2011"]
[Site "Collado Villalba ESP"]
[Date "2011.08.23"]
[Round "1.11"]
[White "Sanchez Gonzalez, Sergio"]
[Black "Torres Samper, Rafael"]
[Result "1-0"]
[WhiteElo "2302"]
[BlackElo "2015"]
[PlyCount "39"]
[EventDate "2011.08.23"]
[EventType "swiss"]
[EventRounds "9"]
[EventCountry "ESP"]
[Source "lmi"]
[SourceDate "2011.08.23"]

1. c4 Nf6 2. g3 g6 3. Bg2 Bg7 4. Nc3 O-O 5. Nf3 d6 6. O-O Nc6 7. Rb1 e5 8. b4
Bf5 9. d3 Qd7 10. Re1 a6 11. a4 e4 12. Nh4 exd3 13. exd3 Bg4 14. Qd2 Bh3 15.
Bh1 Ng4 16. Nd5 Rae8 17. Bb2 Nd4 18. Nf4 Nh6 19. Bxd4 Bxd4 20. Nxh3 1-0

[Event "26.Torneo Collado Villalba 2011"]
[Site "Collado Villalba ESP"]
[Date "2011.08.23"]
[Round "1.12"]
[White "Angelina Vela, Carlos"]
[Black "Madina Yadarola, Martin"]
[Result "0-1"]
[WhiteElo "1998"]
[BlackElo "2291"]
[PlyCount "106"]
[EventDate "2011.08.23"]
[EventType "swiss"]
[EventRounds "9"]
[EventCountry "ESP"]
[Source "lmi"]
[SourceDate "2011.08.23"]

1. c4 g6 2. Nc3 Bg7 3. g3 Nf6 4. Bg2 O-O 5. e4 c5 6. Nge2 Nc6 7. O-O Ne8 8. d3
Nc7 9. Be3 Ne6 10. f4 d6 11. h3 Ned4 12. Rb1 a6 13. Bf2 b5 14. Nxd4 cxd4 15.
Ne2 e5 16. b3 Bd7 17. Qd2 Qb6 18. g4 Qd8 19. f5 Bf6 20. Bg3 Bg5 21. Qe1 Be3+
22. Kh2 f6 23. Bf2 Bh6 24. fxg6 hxg6 25. Ng1 Bf4+ 26. Bg3 g5 27. Bxf4 gxf4 28.
Nf3 Kg7 29. Kg1 Rh8 30. Nh4 Rxh4 31. Qxh4 Nb4 32. Qf2 Nxd3 33. Qd2 bxc4 34.
bxc4 Nc5 35. Bf3 Bc6 36. Rfe1 Ra7 37. Rb3 Nxb3 38. axb3 a5 39. Ra1 Qb6 40. Qd3
Rb7 41. Bd1 Qb4 42. Bc2 Kf8 43. Kf2 Rh7 44. Rh1 Bd7 45. Rg1 Be6 46. Kg2 a4 47.
Ra1 a3 48. Bd1 Rc7 49. Ra2 Ra7 50. Kf2 Ke7 51. Bc2 Kd8 52. Bb1 Kc7 53. Ke2 Kb6
0-1

[Event "26.Torneo Collado Villalba 2011"]
[Site "Collado Villalba ESP"]
[Date "2011.08.23"]
[Round "1.13"]
[White "Longa Yauca, Javier"]
[Black "Ruiz Sanchez, Roberto"]
[Result "1-0"]
[WhiteElo "2288"]
[BlackElo "1997"]
[PlyCount "77"]
[EventDate "2011.08.23"]
[EventType "swiss"]
[EventRounds "9"]
[EventCountry "ESP"]
[Source "lmi"]
[SourceDate "2011.08.23"]

1. d4 d5 2. c4 c6 3. Nf3 Nf6 4. g3 Bf5 5. cxd5 cxd5 6. Nc3 Nc6 7. Bf4 e6 8. Bg2
a6 9. O-O Be7 10. Rc1 O-O 11. Na4 Ne4 12. Qb3 Na5 13. Qb6 Nd6 14. b3 Nc8 15.
Qxd8 Bxd8 16. Ne5 b5 17. Nc5 Ne7 18. e4 dxe4 19. Nxe4 Bxe4 20. Bxe4 Ra7 21. Nd3
Bb6 22. Be3 Rd8 23. Rfd1 h6 24. Ne5 Nb7 25. Nc6 Nxc6 26. Rxc6 Nd6 27. Bf3 Nc8
28. Rdc1 Ra8 29. a4 Ba5 30. axb5 axb5 31. Ra1 Ra7 32. d5 Bb6 33. Rxa7 Bxa7 34.
Rxc8 Rxc8 35. Bxa7 exd5 36. Bxd5 Rc7 37. Be3 Kf8 38. b4 Ke7 39. h4 1-0

[Event "26.Torneo Collado Villalba 2011"]
[Site "Collado Villalba ESP"]
[Date "2011.08.23"]
[Round "1.14"]
[White "Hernandez Yanez, Javier"]
[Black "Desanjose Candalija, Eduardo"]
[Result "0-1"]
[WhiteElo "1973"]
[BlackElo "2275"]
[PlyCount "70"]
[EventDate "2011.08.23"]
[EventType "swiss"]
[EventRounds "9"]
[EventCountry "ESP"]
[Source "lmi"]
[SourceDate "2011.08.23"]

1. d4 Nf6 2. Nf3 g6 3. Bf4 Bg7 4. e3 O-O 5. h3 c5 6. c3 d6 7. Be2 Nc6 8. O-O
Be6 9. dxc5 dxc5 10. Qxd8 Rfxd8 11. Nbd2 Rd7 12. Rfd1 Rad8 13. Nb3 Ne4 14. Rxd7
Rxd7 15. Rd1 Rxd1+ 16. Bxd1 Bd5 17. Bc2 b6 18. Bb1 e5 19. Bh2 c4 20. Nbd2 Nc5
21. e4 Be6 22. Ng5 b5 23. Nxe6 Nxe6 24. g3 Bh6 25. Nf1 Bc1 26. b3 cxb3 27. axb3
Nc5 28. Bc2 a5 29. g4 a4 30. bxa4 bxa4 31. Ng3 a3 32. Bb1 Na4 33. Ne2 Bd2 34.
f3 Nxc3 35. Nxc3 Bxc3 0-1

[Event "26.Torneo Collado Villalba 2011"]
[Site "Collado Villalba ESP"]
[Date "2011.08.23"]
[Round "1.15"]
[White "Moreno Tejera, Emilio"]
[Black "Serrano Martinez, Francisco Jos"]
[Result "1-0"]
[WhiteElo "2264"]
[BlackElo "1950"]
[PlyCount "53"]
[EventDate "2011.08.23"]
[EventType "swiss"]
[EventRounds "9"]
[EventCountry "ESP"]
[Source "lmi"]
[SourceDate "2011.08.23"]

1. e4 c5 2. Nc3 Nc6 3. Bb5 e6 4. Bxc6 bxc6 5. d3 d5 6. Nge2 Nf6 7. O-O Be7 8.
b3 O-O 9. Re1 Ba6 10. e5 Nd7 11. Ng3 f6 12. f4 fxe5 13. fxe5 Nxe5 14. Rxe5 Bf6
15. Qe1 Bxe5 16. Qxe5 Qf6 17. Qxf6 Rxf6 18. Na4 Raf8 19. Nxc5 Bc8 20. Be3 e5
21. Re1 d4 22. Bd2 Rf2 23. Nce4 R2f7 24. Bb4 Rd8 25. Ng5 Rb7 26. Bc5 Rb5 27.
Rxe5 1-0

[Event "26.Torneo Collado Villalba 2011"]
[Site "Collado Villalba ESP"]
[Date "2011.08.23"]
[Round "1.16"]
[White "Lopez Heras, Arturo"]
[Black "Alcazar Jimenez, Jesus"]
[Result "0-1"]
[WhiteElo "1949"]
[BlackElo "2257"]
[PlyCount "72"]
[EventDate "2011.08.23"]
[EventType "swiss"]
[EventRounds "9"]
[EventCountry "ESP"]
[Source "lmi"]
[SourceDate "2011.08.23"]

1. e4 c5 2. Nf3 e6 3. d4 cxd4 4. Nxd4 Nf6 5. Nc3 Nc6 6. a3 Qc7 7. Be3 a6 8. Be2
b5 9. Nxc6 dxc6 10. O-O Bb7 11. f4 Rd8 12. Qe1 b4 13. axb4 Bxb4 14. Bxa6 Nxe4
15. Nd5 exd5 16. Qxb4 Bxa6 17. Rxa6 c5 18. Qb5+ Qd7 19. Qxd7+ Kxd7 20. Ra7+ Ke6
21. f5+ Kf6 22. Ra6+ Ke7 23. Re1 c4 24. Bc5+ Kd7 25. Bd4 Ra8 26. Rea1 Rxa6 27.
Rxa6 Nd6 28. Bxg7 Re8 29. Ra7+ Kc6 30. Bc3 Re2 31. Ra6+ Kc5 32. b4+ cxb3 33.
cxb3 Ne4 34. b4+ Kc4 35. Kf1 Rf2+ 36. Ke1 Kxc3 0-1

[Event "26.Torneo Collado Villalba 2011"]
[Site "Collado Villalba ESP"]
[Date "2011.08.23"]
[Round "1.17"]
[White "Ortega Ruiz, Jose Miguel"]
[Black "Rodriguez De Robles, Ignacio"]
[Result "1-0"]
[WhiteElo "2248"]
[BlackElo "1943"]
[PlyCount "91"]
[EventDate "2011.08.23"]
[EventType "swiss"]
[EventRounds "9"]
[EventCountry "ESP"]
[Source "lmi"]
[SourceDate "2011.08.23"]

1. e4 g6 2. d4 Bg7 3. c3 d6 4. Be3 Nf6 5. f3 O-O 6. g4 e5 7. h4 exd4 8. cxd4
Re8 9. Nc3 Bxg4 10. fxg4 Nxe4 11. Qd3 Ng3 12. Rh3 Nxf1 13. Kxf1 Nc6 14. Nf3 Qd7
15. Rg3 Nb4 16. Qd2 Qe6 17. Bf2 Qc4+ 18. Kg2 Nd5 19. Rc1 Nxc3 20. Rxc3 Qxa2 21.
Rxc7 Qa6 22. Qf4 Rf8 23. h5 Qb6 24. Rc2 Qb3 25. Rd2 Qd5 26. h6 Bh8 27. Qg5 f5
28. Rc2 Rae8 29. Rc7 Bf6 30. Qc1 fxg4 31. Rxg4 Bg5 32. Qc4 Qxc4 33. Rxc4 Bxh6
34. Rc7 Rf7 35. Rxf7 Kxf7 36. Rh4 Kg7 37. d5 Re2 38. Nd4 g5 39. Nxe2 gxh4 40.
Bxh4 Kg6 41. Bg3 Bf8 42. Kf3 Kf6 43. Nd4 a6 44. Kg4 Ke7 45. Kg5 Kd7 46. Nf5 1-0

[Event "26.Torneo Collado Villalba 2011"]
[Site "Collado Villalba ESP"]
[Date "2011.08.23"]
[Round "1.18"]
[White "Alvarez Carbajales, Fermin"]
[Black "Semprun Martinez, Fernando"]
[Result "0-1"]
[WhiteElo "1931"]
[BlackElo "2239"]
[PlyCount "70"]
[EventDate "2011.08.23"]
[EventType "swiss"]
[EventRounds "9"]
[EventCountry "ESP"]
[Source "lmi"]
[SourceDate "2011.08.23"]

1. e4 e5 2. Nf3 Nc6 3. Bb5 a6 4. Ba4 Nf6 5. O-O Be7 6. Re1 b5 7. Bb3 O-O 8. a4
b4 9. d3 d6 10. h3 Na5 11. Ba2 Bd7 12. Nbd2 Qe8 13. Bb1 c5 14. c3 Rb8 15. d4
Bd8 16. Bc2 c4 17. b3 cxb3 18. Nxb3 Nc4 19. Bd3 Na5 20. dxe5 dxe5 21. Nc5 bxc3
22. Nxd7 Nxd7 23. Bxa6 Qe6 24. Bb5 Nb6 25. Ra3 Be7 26. Ra1 Rfc8 27. Qc2 Nb3 28.
Rb1 Nxc1 29. Rexc1 Ba3 30. Rd1 Bb2 31. a5 Nc4 32. Bd7 Qa6 33. Bxc8 Rxc8 34. Qb3
Nxa5 35. Qa4 Qb6 0-1

[Event "26.Torneo Collado Villalba 2011"]
[Site "Collado Villalba ESP"]
[Date "2011.08.23"]
[Round "1.20"]
[White "Velasco Garcia, Jorge Juan"]
[Black "Salgado Lopez, Oscar"]
[Result "0-1"]
[WhiteElo "1927"]
[BlackElo "2219"]
[PlyCount "78"]
[EventDate "2011.08.23"]
[EventType "swiss"]
[EventRounds "9"]
[EventCountry "ESP"]
[Source "lmi"]
[SourceDate "2011.08.23"]

1. d4 d5 2. Nf3 Nf6 3. g3 c6 4. Bg2 h6 5. O-O Bf5 6. c4 e6 7. Nc3 Nbd7 8. Re1
Be7 9. Qb3 Qb6 10. c5 Qc7 11. Bf4 Qc8 12. Bd6 Bxd6 13. cxd6 O-O 14. Rac1 Rd8
15. Ne5 Nb6 16. f3 Rxd6 17. e4 Bh7 18. Nxf7 Kxf7 19. e5 Rd8 20. exf6 gxf6 21.
Bh3 Re8 22. Nb5 Qd7 23. Nxa7 Nc4 24. Rxc4 dxc4 25. Qe3 Rxa7 26. d5 exd5 27.
Bxd7 Rxe3 28. Rxe3 Rxa2 29. Be8+ Kf8 30. Bh5 Ra8 31. Re6 d4 32. Rxf6+ Kg7 33.
Rf7+ Kh8 34. Kf2 c3 35. bxc3 dxc3 36. Rf4 b5 37. Rf6 c5 38. Ke3 c2 39. Kd2 Rd8+
0-1

[Event "26.Torneo Collado Villalba 2011"]
[Site "Collado Villalba ESP"]
[Date "2011.08.23"]
[Round "1.21"]
[White "Pastor Alonso De Prado, Emilio"]
[Black "Jordana Vargas, Julio"]
[Result "1-0"]
[WhiteElo "2197"]
[BlackElo "1925"]
[PlyCount "47"]
[EventDate "2011.08.23"]
[EventType "swiss"]
[EventRounds "9"]
[EventCountry "ESP"]
[Source "lmi"]
[SourceDate "2011.08.23"]

1. e4 Nf6 2. Nc3 e6 3. e5 Nd5 4. Nxd5 exd5 5. Qf3 c6 6. d4 d6 7. Qg3 dxe5 8.
dxe5 Be6 9. Nf3 h6 10. Bd3 Nd7 11. O-O Qc7 12. Re1 Bc5 13. c3 O-O-O 14. Nd4
Bxd4 15. cxd4 g5 16. Bd2 Qb6 17. Bc3 Rdg8 18. a4 a6 19. b4 h5 20. b5 Nb8 21.
Rab1 Qc7 22. Bb4 Kd7 23. Bd6 Qa5 24. bxc6+ 1-0

[Event "26.Torneo Collado Villalba 2011"]
[Site "Collado Villalba ESP"]
[Date "2011.08.23"]
[Round "1.22"]
[White "Olives Barba, Carlos Jose"]
[Black "Cao Armillas, Jesus"]
[Result "1/2-1/2"]
[WhiteElo "1917"]
[BlackElo "2194"]
[PlyCount "107"]
[EventDate "2011.08.23"]
[EventType "swiss"]
[EventRounds "9"]
[EventCountry "ESP"]
[Source "lmi"]
[SourceDate "2011.08.23"]

1. c3 d5 2. d4 Nf6 3. Nf3 e6 4. Bg5 h6 5. Bh4 c5 6. e3 Qb6 7. Qb3 Nc6 8. Nbd2
Bd7 9. Bg3 Be7 10. Qxb6 axb6 11. Bc7 Bd8 12. Bd6 c4 13. g3 b5 14. a3 Ba5 15.
Bg2 Ra6 16. Be5 Ke7 17. Bxf6+ gxf6 18. Nh4 Rd8 19. f4 Bc8 20. Nhf3 Bc7 21. Kf2
e5 22. Rhe1 Kf8 23. Nh4 Ne7 24. Bf3 Kg7 25. Rg1 Ng6 26. Ng2 Bh3 27. Ne1 Be6 28.
Nc2 Bd6 29. Ne1 b4 30. f5 Bxf5 31. Bxd5 b5 32. Be4 Bc8 33. Nc2 bxc3 34. bxc3
Ne7 35. Nb4 Ra5 36. Nc2 Rd7 37. a4 bxa4 38. Nxc4 Ra6 39. Nxd6 Rdxd6 40. Nb4 Ra5
41. Ra3 Rd7 42. Rga1 Rda7 43. Bc6 Be6 44. d5 Nxd5 45. Bxd5 Bxd5 46. Nxd5 Rxd5
47. Rxa4 Rd2+ 48. Kf3 Rc7 49. Rg4+ Kf8 50. Ra8+ Ke7 51. Rgg8 f5 52. Rge8+ Kf6
53. Ra6+ Kg7 54. Rxe5 1/2-1/2

[Event "26.Torneo Collado Villalba 2011"]
[Site "Collado Villalba ESP"]
[Date "2011.08.23"]
[Round "1.23"]
[White "De La Fuente Gonzalez, Francisc"]
[Black "Barahona Torrijos, Angel"]
[Result "1-0"]
[WhiteElo "2190"]
[BlackElo "1902"]
[PlyCount "77"]
[EventDate "2011.08.23"]
[EventType "swiss"]
[EventRounds "9"]
[EventCountry "ESP"]
[Source "lmi"]
[SourceDate "2011.08.23"]

1. c4 e6 2. Nf3 Nf6 3. g3 d5 4. Bg2 d4 5. O-O Nc6 6. d3 e5 7. b4 Bxb4 8. Nxe5
Nxe5 9. Qa4+ Nc6 10. Bxc6+ bxc6 11. Qxb4 a5 12. Qc5 Qd6 13. Ba3 Bh3 14. Re1 Kd7
15. Nd2 Rhb8 16. Nf3 Qxc5 17. Bxc5 Rb2 18. Ne5+ Ke6 19. Nxc6 Nd7 20. Nxd4+ Kf6
21. Ba3 Rb6 22. Rab1 Rab8 23. Rxb6+ Rxb6 24. f4 g5 25. Nf3 gxf4 26. gxf4 Kf5
27. Ng5 Rg6 28. Kf2 Nf6 29. Nxh3 Ng4+ 30. Kg3 Ne3+ 31. Kf3 Nc2 32. e4+ Kf6 33.
Bb2+ Ke7 34. Re2 Nb4 35. Ba3 c5 36. Bxb4 cxb4 37. f5 Rh6 38. Nf4 Kd6 39. e5+
1-0

[Event "26.Torneo Collado Villalba 2011"]
[Site "Collado Villalba ESP"]
[Date "2011.08.23"]
[Round "1.24"]
[White "Laynez Aspenberg, Jose"]
[Black "Gonzalez Mateos, Rafael"]
[Result "0-1"]
[WhiteElo "1898"]
[BlackElo "2186"]
[PlyCount "118"]
[EventDate "2011.08.23"]
[EventType "swiss"]
[EventRounds "9"]
[EventCountry "ESP"]
[Source "lmi"]
[SourceDate "2011.08.23"]

1. d4 Nf6 2. c4 e6 3. Nf3 Bb4+ 4. Bd2 Qe7 5. g3 b6 6. Bg2 Bb7 7. a3 Bxd2+ 8.
Nbxd2 O-O 9. Qc2 d5 10. O-O dxc4 11. Qxc4 Rc8 12. Rfe1 c5 13. dxc5 Rxc5 14. Qa2
Nbd7 15. b4 Rc7 16. Rec1 Rac8 17. Rxc7 Rxc7 18. Qb2 Qd8 19. Rc1 Qc8 20. Rxc7
Qxc7 21. Nb3 Ba6 22. Nbd4 h6 23. b5 Bc8 24. Nc6 Bb7 25. Nfd4 a6 26. a4 Nc5 27.
Qa3 Qd6 28. Qc1 Nxa4 29. Qa1 Nc5 30. bxa6 Bxa6 31. Nb4 Bc4 32. e3 b5 33. h3 e5
34. Nf5 Qe6 35. Qa8+ Kh7 36. g4 Ncd7 37. e4 g6 38. Ne3 Be2 39. Nbd5 Bd3 40. f3
Kg7 41. Nxf6 Nxf6 42. Qd8 Qd7 43. Qb8 Qd4 44. Kf2 b4 45. h4 Bc4 46. Qxb4 Be6
47. Qxd4 exd4 48. Nd1 Nd7 49. Bf1 Ne5 50. Nb2 Kf6 51. Nd3 Nxd3+ 52. Bxd3 Ke5
53. Kg3 g5 54. hxg5 hxg5 55. Bb5 Bb3 56. Bd3 Bd1 57. Kf2 Kf4 58. Bc4 f6 59. e5
fxe5 0-1

[Event "26.Torneo Collado Villalba 2011"]
[Site "Collado Villalba ESP"]
[Date "2011.08.23"]
[Round "1.25"]
[White "Bote Alvarez-Carrasco, Valentin"]
[Black "Navarro Martin, Carlos"]
[Result "1-0"]
[WhiteElo "2183"]
[BlackElo "1852"]
[PlyCount "73"]
[EventDate "2011.08.23"]
[EventType "swiss"]
[EventRounds "9"]
[EventCountry "ESP"]
[Source "lmi"]
[SourceDate "2011.08.23"]

1. Nf3 Nf6 2. c4 g6 3. Nc3 Bg7 4. e4 d6 5. d4 O-O 6. Be2 e5 7. d5 a5 8. Bg5 h6
9. Bh4 Na6 10. Nd2 Bd7 11. O-O Qe8 12. Kh1 Nh7 13. f3 h5 14. a3 Bh6 15. b3 Be3
16. Qc2 f5 17. exf5 gxf5 18. Bf2 Bxf2 19. Rxf2 Nf6 20. Rg1 c6 21. Bd3 cxd5 22.
cxd5 Rc8 23. Nc4 Qe7 24. Bxf5 Bxf5 25. Qxf5 a4 26. Nb5 axb3 27. Nbxd6 Rc5 28.
Qg5+ Qg7 29. Qxe5 Rxd5 30. Qe6+ Kh8 31. Rd2 Nc5 32. Qe3 Rg5 33. h4 Rg6 34. Qxc5
Ne4 35. Nxe4 Rf4 36. g3 Rxh4+ 37. gxh4 1-0

[Event "26.Torneo Collado Villalba 2011"]
[Site "Collado Villalba ESP"]
[Date "2011.08.23"]
[Round "1.26"]
[White "Herrero Corada, Jose Ignacio"]
[Black "Montanes Arribas, Adrian"]
[Result "0-1"]
[WhiteElo "1852"]
[BlackElo "2177"]
[PlyCount "68"]
[EventDate "2011.08.23"]
[EventType "swiss"]
[EventRounds "9"]
[EventCountry "ESP"]
[Source "lmi"]
[SourceDate "2011.08.23"]

1. e4 c5 2. d4 cxd4 3. Nf3 d6 4. c3 Nf6 5. e5 dxe5 6. Nxe5 Nbd7 7. Qa4 Qc7 8.
Bf4 Nd5 9. Nxd7 Bxd7 10. Bxc7 Bxa4 11. Be5 dxc3 12. Nxc3 Nxc3 13. Bxc3 f6 14.
Be2 Bc6 15. Rd1 e5 16. O-O a6 17. f4 Bc5+ 18. Kh1 e4 19. Bh5+ Ke7 20. f5 Rhd8
21. b4 Bd6 22. Rde1 Be5 23. Bxe5 fxe5 24. Rf2 Rd4 25. Rb2 Rad8 26. Kg1 Kf6 27.
a3 Rd2 28. Rb3 R8d3 29. Re3 Bd5 30. Rc3 Rxe3 31. Rxe3 Kxf5 32. Be2 Kf4 33. Kf2
Bc4 34. g3+ Kf5 0-1